[Event "Skopje Karposh op"]
[Site "Skopje"]
[Date "2018.03.29"]
[Round "7"]
[White "Biljanic, Ljubomir"]
[Black "Pavlovic, Goran"]
[Result "1/2-1/2"]
[WhiteElo "2237"]
[BlackElo "2367"]
[PlyCount "128"]
[EventDate "2018.03.24"]
[EventType "swiss"]
[EventRounds "9"]
[EventCountry "MKD"]
[SourceTitle "CBM 183 Extra"]
[Source "ChessBase"]
[SourceDate "2018.04.19"]
[SourceVersion "1"]
[SourceVersionDate "2018.04.19"]
[SourceQuality "1"]

1. d4 e6 2. c4 f5 3. a3 Nf6 4. Nf3 b6 5. d5 Bd6 6. Nc3 0-0 7. g3 Ba6 8. b3 Ne4 9. Bb2 Nxc3 10. Bxc3 Qe7 11. Bg2 Bb7 12. Nd4 a6 13. Qd3 c5 14. Nc2 e5 15. e4 f4 16. 0-0-0 b5 17. Bd2 bxc4 18. bxc4 a5 19. gxf4 exf4 20. e5 Qxe5 21. Bc3 Qh5 22. Bf3 Qh6 23. Rhg1 Rf7 24. h4 Ra6 25. Rde1 Be7 26. Be5 d6 27. Bc3 Bc8 28. Bg4 Bxg4 29. Rxg4 Nd7 30. Qf3 Ne5 31. Bxe5 dxe5 32. Rxe5 Bxh4 33. Rh5 Qxh5 34. Rxg7+ Kxg7 35. Qxh5 Bxf2 36. Qe5+ Raf6 37. Kd2 f3 38. Kd3 Bg1 39. d6 Bd4 40. Nxd4 cxd4 41. Qg5+ Kf8 42. Qc5 f2 43. d7+ Kg7 44. Qg5+ Rg6 45. Qe5+ Rff6 46. Qe2 Rg3+ 47. Kd2 f1Q 48. Qxf1 Rxf1 49. d8Q Rg2+ 50. Kd3 Rf3+ 51. Ke4 Re3+ 52. Kd5 Rge2 53. Qg5+ Kf7 54. Qf5+ Kg7 55. Qg4+ Kf7 56. Qf4+ Ke7 57. Qxd4 Re5+ 58. Kc6 R2e4 59. Qd7+ Kf6 60. c5 Rc4 61. Qd8+ Kf7 62. Qc7+ Kf6 63. Qd8+ Kf7 64. Qd7+ Kf6 1/2-1/2

[Event "SRB-chT 1st League"]
[Site "Banja Vrujci"]
[Date "2017.09.20"]
[Round "7.6"]
[White "Ostojic, Nikola"]
[Black "Biljanic, Ljubomir"]
[Result "1-0"]
[WhiteElo "2422"]
[BlackElo "2243"]
[PlyCount "63"]
[EventDate "2017.09.16"]
[EventType "team"]
[EventRounds "11"]
[EventCountry "SRB"]
[SourceTitle "CBM 180 Extra"]
[Source "ChessBase"]
[SourceDate "2017.10.06"]
[SourceVersion "1"]
[SourceVersionDate "2017.10.06"]
[SourceQuality "1"]
[WhiteTeam "Vladimirci"]
[BlackTeam "Kosovska Mitrovica"]
[WhiteTeamCountry "SRB"]
[BlackTeamCountry "SRB"]

1. Nf3 Nf6 2. c4 d6 3. d4 Bg4 4. Qb3 Bxf3 5. exf3 Qc8 6. Nc3 c6 7. d5 g6 8. g3 Bg7 9. Bg2 cxd5 10. cxd5 0-0 11. 0-0 Nfd7 12. Be3 Na6 13. Rac1 Ndc5 14. Qc4 Qf5 15. Rfd1 Rfc8 16. Qe2 Qd7 17. Bd4 Bxd4 18. Rxd4 Nc7 19. Re1 Re8 20. Qd2 Nb5 21. Rh4 Nxc3 22. Qh6 e5 23. Qxh7+ Kf8 24. Qh6+ Ke7 25. Qg5+ f6 26. Rh7+ Kd8 27. Qxf6+ Kc7 28. Rxd7+ Nxd7 29. Qxg6 Nxd5 30. Rc1+ Nc5 31. Qe4 Nf6 32. Qh4 1-0

[Event "SRB-chT 1st League"]
[Site "Banja Vrujci"]
[Date "2017.09.18"]
[Round "4.3"]
[White "Rajkovic, Dusan"]
[Black "Biljanic, Ljubomir"]
[Result "1-0"]
[WhiteElo "2336"]
[BlackElo "2243"]
[PlyCount "85"]
[EventDate "2017.09.16"]
[EventType "team"]
[EventRounds "11"]
[EventCountry "SRB"]
[SourceTitle "CBM 180 Extra"]
[Source "ChessBase"]
[SourceDate "2017.10.06"]
[SourceVersion "1"]
[SourceVersionDate "2017.10.06"]
[SourceQuality "1"]
[WhiteTeam "Smederevska Palanka Jasenica"]
[BlackTeam "Kosovska Mitrovica"]
[WhiteTeamCountry "SRB"]
[BlackTeamCountry "SRB"]

1. d4 Nf6 2. c4 e6 3. Nc3 Bb4 4. e3 Bxc3+ 5. bxc3 d6 6. Bd3 e5 7. e4 Qe7 8. Qc2 exd4 9. cxd4 Nxe4 10. Ne2 Nf6 11. 0-0 h6 12. Re1 0-0 13. Bb2 Qd8 14. d5 Nbd7 15. Qc3 Ne5 16. Bc2 b5 17. cxb5 Nxd5 18. Qb3 Nf6 19. Rad1 Be6 20. Qg3 Qc8 21. f4 Ned7 22. Nd4 Re8 23. Bf5 Nh5 24. Qf3 Ndf6 25. Nxe6 fxe6 26. Bg6 Rf8 27. Bxh5 Nxh5 28. Qxh5 Rxf4 29. Rf1 Rxf1+ 30. Rxf1 Qd7 31. a4 e5 32. Qf3 Re8 33. Qd5+ Kh7 34. h3 Re6 35. Qe4+ Kg8 36. Qa8+ Kh7 37. Qxa7 d5 38. Qe3 Qd6 39. a5 d4 40. Qe4+ Kg8 41. a6 Qb6 42. Qd5 Kh7 43. a7 1-0

[Event "FRM-ch"]
[Site "Ohrid"]
[Date "2017.08.19"]
[Round "7"]
[White "Biljanic, Ljubomir"]
[Black "Danchevski, Orce"]
[Result "0-1"]
[WhiteElo "2236"]
[BlackElo "2363"]
[PlyCount "48"]
[EventDate "2017.08.13"]
[EventType "swiss"]
[EventRounds "9"]
[EventCountry "MKD"]
[SourceTitle "CBM 180 Extra"]
[Source "ChessBase"]
[SourceDate "2017.10.06"]
[SourceVersion "1"]
[SourceVersionDate "2017.10.06"]
[SourceQuality "1"]

1. d4 Nf6 2. c4 g6 3. Nc3 Bg7 4. e4 d6 5. Be2 0-0 6. Nf3 e5 7. d5 Na6 8. Be3 Ng4 9. Bg5 f6 10. Bh4 g5 11. Bg3 Nh6 12. h4 g4 13. Nh2 f5 14. exf5 Nxf5 15. Bxg4 Nxg3 16. fxg3 e4 17. Qd2 Nc5 18. Be2 Qe8 19. Qe3 Na4 20. 0-0-0 Nxc3 21. bxc3 Qa4 22. Kb2 Bd7 23. a3 b5 24. Ka2 Qc2+ 0-1

[Event "FRM-ch"]
[Site "Ohrid"]
[Date "2017.08.16"]
[Round "4"]
[White "Biljanic, Ljubomir"]
[Black "Georgiev, Todor"]
[Result "1-0"]
[WhiteElo "2236"]
[BlackElo "2284"]
[PlyCount "65"]
[EventDate "2017.08.13"]
[EventType "swiss"]
[EventRounds "9"]
[EventCountry "MKD"]
[SourceTitle "CBM 180 Extra"]
[Source "ChessBase"]
[SourceDate "2017.10.06"]
[SourceVersion "1"]
[SourceVersionDate "2017.10.06"]
[SourceQuality "1"]

1. d4 Nf6 2. Bg5 e6 3. Nf3 c5 4. Bxf6 Qxf6 5. e3 cxd4 6. exd4 Nc6 7. c3 d5 8. Bd3 Bd6 9. 0-0 g5 10. Re1 g4 11. Ne5 Bxe5 12. dxe5 Qg5 13. Bb5 f6 14. c4 a6 15. cxd5 axb5 16. dxc6 0-0 17. c7 fxe5 18. Nc3 Qf4 19. Re2 b6 20. Qd6 b4 21. Ne4 Rxa2 22. Rd1 Ra5 23. g3 Qf7 24. h4 gxh3 25. f4 exf4 26. gxf4 Bb7 27. Kh2 Bxe4 28. Rxe4 Rc5 29. Rg1+ Kh8 30. Rxe6 Rc2+ 31. Kh1 Rg2 32. Rxg2 hxg2+ 33. Kg1 1-0

[Event "FRM-ch"]
[Site "Ohrid"]
[Date "2017.08.14"]
[Round "2"]
[White "Biljanic, Ljubomir"]
[Black "Krstev, Emil"]
[Result "1-0"]
[WhiteElo "2236"]
[BlackElo "2008"]
[PlyCount "93"]
[EventDate "2017.08.13"]
[EventType "swiss"]
[EventRounds "9"]
[EventCountry "MKD"]
[SourceTitle "CBM 180 Extra"]
[Source "ChessBase"]
[SourceDate "2017.10.06"]
[SourceVersion "1"]
[SourceVersionDate "2017.10.06"]
[SourceQuality "1"]

1. d4 Nf6 2. c4 g6 3. Nc3 Bg7 4. e4 d6 5. Nf3 0-0 6. Be2 e5 7. d5 a5 8. 0-0 Na6 9. Ne1 Nc5 10. Bg5 h6 11. Bxf6 Bxf6 12. Bg4 Bxg4 13. Qxg4 Bg7 14. Rd1 f5 15. Qxg6 Rf6 16. Qg3 fxe4 17. Qe3 Qf8 18. Nxe4 Nxe4 19. Qxe4 Rf4 20. Qe2 Qf5 21. g3 Re4 22. Qd3 Rf8 23. f3 Rd4 24. Qxf5 Rxf5 25. Rxd4 exd4 26. Nd3 a4 27. Kf2 h5 28. Re1 Kf7 29. Re4 a3 30. bxa3 c6 31. Rf4 Kg6 32. Rxf5 Kxf5 33. dxc6 bxc6 34. a4 Bf6 35. a5 Bd8 36. a6 Bb6 37. h3 c5 38. Nf4 h4 39. Nd5 hxg3+ 40. Kxg3 Ba7 41. Kf2 Kg5 42. f4+ Kf5 43. Kf3 Bb8 44. Ne7+ Kf6 45. Nc6 d5 46. Nxb8 dxc4 47. a7 1-0

[Event "FRM-ch"]
[Site "Ohrid"]
[Date "2017.08.13"]
[Round "1"]
[White "Dimkovski, Stojancho"]
[Black "Biljanic, Ljubomir"]
[Result "0-1"]
[WhiteElo "1704"]
[BlackElo "2236"]
[PlyCount "108"]
[EventDate "2017.08.13"]
[EventType "swiss"]
[EventRounds "9"]
[EventCountry "MKD"]
[SourceTitle "CBM 180 Extra"]
[Source "ChessBase"]
[SourceDate "2017.10.06"]
[SourceVersion "1"]
[SourceVersionDate "2017.10.06"]
[SourceQuality "1"]

1. c4 e5 2. Nc3 Nf6 3. g3 g6 4. Bg2 Bg7 5. d3 h6 6. Nf3 Nc6 7. 0-0 0-0 8. Rb1 d6 9. b4 Nh5 10. b5 Ne7 11. Qb3 Kh7 12. Ba3 Be6 13. Nd2 Qc8 14. Rfc1 Nf6 15. Nd5 Bxd5 16. cxd5 Qd7 17. Rc2 Ne8 18. Rbc1 f5 19. Bb2 b6 20. Nc4 Rd8 21. Nd2 h5 22. Rc4 Bh6 23. R1c2 g5 24. Ra4 Ra8 25. Rac4 g4 26. Ra4 Ng6 27. Qc4 a5 28. Qc6 Qc8 29. Bc1 Ne7 30. Qc4 Qd8 31. Nb3 Bxc1 32. Rxc1 Ng6 33. Nd2 Rf7 34. Qc2 Qg5 35. Rd1 Rd8 36. Rc4 Rdd7 37. a4 Nf6 38. Rc1 h4 39. Nf1 hxg3 40. hxg3 Kh8 41. Qd2 Qh5 42. R1c2 Ne8 43. Qc1 f4 44. Be4 Rh7 45. f3 fxg3 46. fxg4 Qh4 47. Qe1 Rdf7 48. e3 Nf6 49. Qxg3 Nxe4 50. Qxh4 Nxh4 51. dxe4 Nf3+ 52. Kf2 Nd2+ 53. Kg2 Nxf1 54. R2c3 Rh2+ 0-1

[Event "Nis op"]
[Site "Nis"]
[Date "2017.07.03"]
[Round "7"]
[White "Sahin, Ozgun"]
[Black "Biljanic, Ljubomir"]
[Result "1-0"]
[WhiteElo "2164"]
[BlackElo "2231"]
[PlyCount "71"]
[EventDate "2017.06.27"]
[EventType "swiss"]
[EventRounds "9"]
[EventCountry "YUG"]
[SourceTitle "CBM 179 Extra"]
[Source "ChessBase"]
[SourceDate "2017.08.23"]
[SourceVersion "1"]
[SourceVersionDate "2017.08.23"]
[SourceQuality "1"]

1. e4 d6 2. d4 Nf6 3. Nc3 c6 4. f3 Qc7 5. a4 e5 6. Be3 Be7 7. Bc4 a5 8. Nge2 Na6 9. Ng3 Nb4 10. dxe5 dxe5 11. Qe2 b6 12. Nf5 Bxf5 13. exf5 0-0 14. 0-0-0 Rfd8 15. g4 Nfd5 16. Ne4 b5 17. Bb3 Rdb8 18. c3 bxa4 19. Bxa4 Nxe3 20. Qxe3 Nd5 21. Qd3 Nf4 22. Qd7 Qb6 23. b3 Ba3+ 24. Kb1 Rc8 25. f6 g6 26. g5 Nd5 27. Ka2 Rc7 28. Qg4 Bf8 29. h4 Ne3 30. Qg1 Rb8 31. Re1 Nd5 32. Qxb6 Nxb6 33. h5 c5 34. hxg6 fxg6 35. Nd2 c4 36. Rxe5 1-0

[Event "Nis op"]
[Site "Nis"]
[Date "2017.07.02"]
[Round "6"]
[White "Biljanic, Ljubomir"]
[Black "Livaja, Mario"]
[Result "1/2-1/2"]
[WhiteElo "2231"]
[BlackElo "2254"]
[PlyCount "20"]
[EventDate "2017.06.27"]
[EventType "swiss"]
[EventRounds "9"]
[EventCountry "YUG"]
[SourceTitle "CBM 179 Extra"]
[Source "ChessBase"]
[SourceDate "2017.08.23"]
[SourceVersion "1"]
[SourceVersionDate "2017.08.23"]
[SourceQuality "1"]

1. d4 Nf6 2. c4 e6 3. Nc3 Bb4 4. Qc2 c5 5. Nf3 0-0 6. Bg5 Bxc3+ 7. Qxc3 h6 8. Bxf6 Qxf6 9. e3 Nc6 10. Bd3 d6 1/2-1/2

[Event "EU-ch Amateur U2300"]
[Site "Nis"]
[Date "2017.06.17"]
[Round "9"]
[White "Jovanovic, Bojan P"]
[Black "Biljanic, Ljubomir"]
[Result "0-1"]
[WhiteElo "2190"]
[BlackElo "2231"]
[PlyCount "98"]
[EventDate "2017.06.10"]
[EventType "swiss"]
[EventRounds "9"]
[EventCountry "SRB"]
[SourceTitle "EXT 2018"]
[Source "ChessBase"]
[SourceDate "2017.10.13"]
[SourceVersion "1"]
[SourceVersionDate "2017.10.13"]
[SourceQuality "1"]

1. d4 Nf6 2. c4 e6 3. Nf3 b6 4. g3 Bb7 5. Bg2 Bb4+ 6. Nbd2 Ne4 7. 0-0 Nxd2 8. Bxd2 Bxd2 9. Qxd2 d6 10. Qc2 Nd7 11. Rfd1 Qe7 12. b4 Nf6 13. d5 0-0 14. Nd4 e5 15. Nf5 Qd8 16. c5 Bc8 17. Ne3 Ng4 18. Nc4 Ba6 19. Rac1 Nf6 20. Ne3 bxc5 21. bxc5 Nd7 22. cxd6 cxd6 23. Bh3 Nc5 24. Nf5 Bc8 25. Kg2 Bxf5 26. Bxf5 g6 27. Bd3 f5 28. Qd2 Qf6 29. Rc4 Rab8 30. Qc3 Kg7 31. Bc2 Rb6 32. Rb1 Rxb1 33. Bxb1 e4 34. f3 Rb8 35. Bc2 Qxc3 36. Rxc3 Rb2 37. fxe4 fxe4 38. Rc4 Rxa2 39. Kf2 Kf6 40. Bxe4 Ra4 41. Rxa4 Nxa4 42. Kf3 Nc3 43. Bc2 Ke5 44. h4 a5 45. Ke3 Nxd5+ 46. Kd2 Nf6 47. Ke3 d5 48. Bb3 Ne4 49. g4 d4+ 0-1

[Event "Skopje Karposh op"]
[Site "Skopje"]
[Date "2017.04.05"]
[Round "6"]
[White "Biljanic, Ljubomir"]
[Black "Goryachkina, Aleksandra"]
[Result "0-1"]
[WhiteElo "2232"]
[BlackElo "2452"]
[PlyCount "74"]
[EventDate "2017.04.01"]
[EventType "swiss"]
[EventRounds "9"]
[EventCountry "MKD"]
[SourceTitle "CBM 177 Extra"]
[Source "ChessBase"]
[SourceDate "2017.04.27"]
[SourceVersion "1"]
[SourceVersionDate "2017.04.27"]
[SourceQuality "1"]

1. c4 Nf6 2. Nf3 e6 3. Nc3 d5 4. e3 c6 5. b3 Bd6 6. Bb2 0-0 7. Be2 Re8 8. d4 Nbd7 9. Qc2 b6 10. 0-0 Bb7 11. e4 Nxe4 12. Nxe4 dxe4 13. Qxe4 Nf6 14. Qh4 c5 15. Rad1 Qe7 16. Bd3 Bxf3 17. gxf3 cxd4 18. Bxd4 Rad8 19. Kh1 Qb7 20. Kg2 Be7 21. Bxf6 Bxf6 22. Qxh7+ Kf8 23. Be4 Qc7 24. Rxd8 Rxd8 25. Bc2 Ke7 26. Rd1 Rc8 27. Be4 Qb8 28. Qh5 Rc5 29. Qh7 g6 30. Bxg6 Rg5+ 31. Kh1 Rxg6 32. Rd7+ Kxd7 33. Qxf7+ Be7 34. Qxg6 Qh8 35. Kg2 a5 36. Qe4 Qg7+ 37. Kf1 Qf6 0-1

[Event "Skopje Karposh op"]
[Site "Skopje"]
[Date "2017.04.02"]
[Round "2"]
[White "Biljanic, Ljubomir"]
[Black "Kozul, Zdenko"]
[Result "0-1"]
[WhiteElo "2232"]
[BlackElo "2631"]
[PlyCount "66"]
[EventDate "2017.04.01"]
[EventType "swiss"]
[EventRounds "9"]
[EventCountry "MKD"]
[SourceTitle "CBM 177 Extra"]
[Source "ChessBase"]
[SourceDate "2017.04.27"]
[SourceVersion "1"]
[SourceVersionDate "2017.04.27"]
[SourceQuality "1"]

1. d4 Nf6 2. c4 g6 3. Nc3 Bg7 4. e4 d6 5. Nf3 0-0 6. Be2 Nbd7 7. 0-0 e5 8. d5 Nc5 9. Bg5 h6 10. Bxf6 Qxf6 11. Ne1 h5 12. Nd3 Nxd3 13. Qxd3 Bh6 14. b4 Qe7 15. Rab1 h4 16. h3 a5 17. a3 axb4 18. axb4 Bd7 19. Ra1 Qg5 20. Nb5 Bxb5 21. cxb5 Qd2 22. Qc4 Qb2 23. Ra5 Bd2 24. Rxa8 Rxa8 25. Qxc7 Bxb4 26. Qxb7 Ra2 27. Bc4 Ra4 28. b6 Bc5 29. Qc8+ Kg7 30. b7 Ba7 31. Qc6 Ra1 32. Qc8 Ra4 33. Kh1 Qb6 0-1